Name a UK City A-Z - Statistics

General Stats
  • This quiz has been taken 2,818 times
    1,221 since last reset
  • The average score is 14 of 19
Answer Stats
Letter City % Correct
L Lancaster | Leeds | Leicester | Lichfield | Lincoln | Lisburn | Liverpool | London
99%
B Bangor | Bath | Belfast | Birmingham | Bradford | Brighton & Hove | Bristol
97%
M Manchester | Milton Keynes
96%
C Cambridge | Canterbury | Cardiff | Carlisle | Chelmsford | Chester | Chichester | Colchester | Coventry`
94%
E Edinburgh | Ely | Exeter
90%
N Newcastle upon Tyne | Newry | Norwich | Nottingham
90%
G Glasgow | Gloucester
85%
S St Albans | St Asaph | St Davids | Salford | Salisbury | Sheffield | Southampton | Stirling | Stoke-on-Trent | Sunderland | Swansea
85%
A Aberdeen | Armagh
82%
D Derby | Derry | Doncaster | Douglas | Dundee | Dunfermline | Durham
81%
P Perth | Peterborough | Plymouth | Portsmouth | Preston
80%
Y York
76%
W Wakefield | Wells | Westminster | Winchester | Wolverhampton | Worcester | Wrexham
75%
O Oxford
68%
I Inverness
55%
K Kingston upon Hull
55%
T Truro
31%
H Hereford
29%
R Ripon
16%
No matching quizzes found
Score Distribution
Percent of People with Each Score
Percentile by Number Answered
Your Score History
You have not taken this quiz since the last reset